1009 1770 1461 1668 1056 1468 1964 1661 1030 1986 1040 1132 1936 1033 1525 1413 1614 1300 1884 1798 1463 1263 1572 1457 1593 1452 1304 1889 1487 1663 1662 1547 1257 1349 1814 1080 1414 1704 1268 1588 1603 1493 1624 1147 1303 1123 1885 1240 1516 1283 1738 1608 1707 1137 1471 1836 1767 1983 1711 1502 1939 1979 1294 1966 1809 1141 1612 1697 1059 1293 1561 1605 1458 1718 1716 1181 1845 1478 1379 1950 1692 1733 1840 1622 1265 1429 1044 1153 1622 1670 1091 1994 1011 1075 1916 1578 1116 1912 1741 BCNSPRNW ULIB Ver.6.0+V

เปลี่ยนเป็นภาษาไทย

Change to English
 แสดงรายละเอียดบรรณานุกรม
  กลับหน้าหลัก

Brief Record : Get Marc (ISO 2709) : E-mail record : QR code < ปิดหน้าต่าง
LEADER : 00000nam 2200000uu 4500
001    13399121896
003     ULIB
008    111207s2551||||th 000 0 tha d
020    ^a9789740677154
090    ^aนว.^bว457ร
100 0  ^aVava
245 00 ^aร้ายนักรักนี้/^cVava
250    ^aพิมพ์ครั้งที่ 1
260    ^aกรุงเทพฯ :^bปริ๊นเซส,^c2551
300    ^a551 หน้า
710 1  ^aปริ๊นเซส
945    ^p300^l0^i16313
995    ^aทศพร
999 ^a ทศพร
รายการนี้ยังไม่มีแท็ก
คุณยังไม่ได้ล็อกอิน คุณสามารถมีกิจกรรมร่วมกับเว็บไซต์ได้ แต่ต้องล็อกอินก่อน ::
  ล็อกอิน

รายการสื่อสารสนเทศ

ลำดับที่ ประเภท เลขเรียก/บาร์โค้ด สถานที่ สถานะ
1. นวนิยาย
นวนิยาย
นว. ว457ร ฉ.1 
  Barcode: 16313
ห้องสมุดวิทยาเขตสวรรค์ประชารักษ์
►นวนิยาย
บนชั้น
  ขอยืม

BibComment


ยังไม่เคยถูกคอมเมนท์

คอมเมนท์ทรัพยากรรายการนี้
  คอมเมนท์: ร้ายนักรักนี้ Vava


 Copyright 2026. Bcnsprnw @Library